T is for Tesla / (Record no. 83469)
[ view plain ]
| 000 -LEADER | |
|---|---|
| fixed length control field | 00464nam a22001697a 4500 |
| 003 - CONTROL NUMBER IDENTIFIER | |
| control field | URS |
| 005 - DATE AND TIME OF LATEST TRANSACTION | |
| control field | 20250708163622.0 |
| 040 ## - CATALOGING SOURCE | |
| Transcribing agency | URS |
| 100 ## - MAIN ENTRY--PERSONAL NAME | |
| Personal name | Waterhouse, Phil. |
| Relator term | author |
| 245 ## - TITLE STATEMENT | |
| Title | T is for Tesla / |
| Statement of responsibility, etc. | Phil Waterhouse. |
| 300 ## - PHYSICAL DESCRIPTION | |
| Extent | page 32 -33 |
| Dimensions | 28 cm |
| 336 ## - CONTENT TYPE | |
| Source | rdacontent |
| Content type term | text |
| Content type code | txt |
| 337 ## - MEDIA TYPE | |
| Source | rdacarrier |
| Media type term | unmediated |
| Media type code | n |
| 338 ## - CARRIER TYPE | |
| Source | rdamedia |
| Carrier type term | volume |
| Carrier type code | n |
| 773 0# - HOST ITEM ENTRY | |
| Host Biblionumber | 82824 |
| Host Itemnumber | 75352 |
| Other item identifier | PIL-13541110-29-2 |
| Title | Business review |
| International Standard Serial Number | 13541110 |
| 942 ## - ADDED ENTRY ELEMENTS (KOHA) | |
| Source of classification or shelving scheme | Dewey Decimal Classification |
| Koha item type | Continuing Resources |
No items available.